000 00902nam a22003255i 4500
999 _c173267
_d173267
001 18787134
003 Nust
005 20180718052304.0
008 150917s2015 enk 000 0 eng
010 _a 2015373252
020 _a9781593080075 (pbk.)
_cRs. 340
038 _aArshad
040 _aDLC
_beng
_cDLC
_erda
042 _apcc
082 _a823.8
_bBRO
100 1 _aBronte, Charlotte.
_9403
245 1 0 _aJane Eyre /
_cCharlotte Bronte.
264 1 _aOxford :
_bOxford University Press,
_c2003
300 _aiii, 558 pages ;
_c21 cm.
336 _atext
_btxt
_2rdacontent
337 _aunmediated
_bn
_2rdamedia
338 _avolume
_bnc
_2rdacarrier
490 0 _aRollercoasters
650 _aGovernesses
_9404
650 _aOrphans
_9405
650 _aCharity-schools
_9406
906 _a0
_bibc
_corignew
_d2
_encip
_f20
_gy-gencatlg
942 _2ddc
_cBK